[Event "68th ch-RUS HL 2015"]
[Site "Kaliningrad RUS"]
[Date "2015.06.30"]
[Round "8"]
[White "Alekseev, Evgeny"]
[Black "Predke, Alexandr"]
[Result "0-1"]
[WhiteElo "2651"]
[BlackElo "2543"]
[EventDate "2015.06.22"]

1. e4 e5 2. Nf3 Nc6 3. Bb5 a6 4. Ba4 Nf6 5. d3 b5 6. Bb3 Bc5 7. c3 d6 8.
Bg5 h6 9. Bh4 g5 10. Bg3 Bb6 11. Nbd2 O-O 12. Qe2 Ne7 13. d4 Ng6 14. dxe5
Nh5 15. O-O-O Nhf4 16. Bxf4 Nxf4 17. Qf1 dxe5 18. Nxe5 Qf6 19. Nd3 c6 20.
e5 Qf5 21. Nxf4 Qxf4 22. Qe2 Kg7 23. Rhf1 Bg4 24. f3 Bf5 25. g3 Qe3 26.
Qxe3 Bxe3 27. Rfe1 Bb6 28. Bc2 Be6 29. Ne4 Rad8 30. Nd6 f6 31. Be4 fxe5 32.
Bxc6 Bc7 33. Nb7 Rxd1+ 34. Rxd1 Bb6 35. Kc2 g4 36. fxg4 Bxg4 37. Re1 Rf2+
38. Kb1 Bf5+ 39. Be4 Rf1 40. Rxf1 Bxe4+ 41. Kc1 0-1

[Event "68th ch-RUS HL 2015"]
[Site "Kaliningrad RUS"]
[Date "2015.06.30"]
[Round "8"]
[White "Sjugirov, Sanan"]
[Black "Frolyanov, Dmitry"]
[Result "1-0"]
[WhiteElo "2662"]
[BlackElo "2566"]
[EventDate "2015.06.22"]

1. e4 c5 2. Nf3 Nc6 3. d4 cxd4 4. Nxd4 Nf6 5. Nc3 e5 6. Ndb5 d6 7. Bg5 a6
8. Na3 b5 9. Nd5 Be7 10. Bxf6 Bxf6 11. c4 b4 12. Nc2 O-O 13. g3 Rb8 14. b3
Be6 15. Bg2 Bg5 16. O-O Qd7 17. Qd3 a5 18. Rad1 Qa7 19. Kh1 Kh8 20. f4 exf4
21. gxf4 Bd8 22. Qg3 f6 23. Rg1 Qf7 24. Nce3 Ne7 25. c5 Bxd5 26. exd5 dxc5
27. f5 Rb6 28. d6 Nc6 29. Bd5 Qd7 30. Nc4 Ra6 31. Be6 Qb7 32. Bc8 1-0

[Event "68th ch-RUS HL 2015"]
[Site "Kaliningrad RUS"]
[Date "2015.06.30"]
[Round "8"]
[White "Bocharov, Dmitry"]
[Black "Gordievsky, Dmitry"]
[Result "0-1"]
[WhiteElo "2580"]
[BlackElo "2491"]
[EventDate "2015.06.22"]

1. c4 Nf6 2. Nf3 g6 3. g3 Bg7 4. Bg2 O-O 5. Nc3 c5 6. O-O Nc6 7. d4 d6 8.
dxc5 dxc5 9. Bf4 Be6 10. Ne5 Na5 11. Qa4 Nd7 12. Nxd7 Bxd7 13. Qc2 Nc6 14.
Rad1 Qc8 15. Rd2 Bh3 16. Rfd1 Bxg2 17. Kxg2 b6 18. f3 f5 19. Qa4 Bxc3 20.
bxc3 Qe6 21. Kf2 Rac8 22. Rd7 Qf6 23. Bc7 Rfe8 24. f4 Na5 25. Be5 Qc6 26.
Qxc6 Nxc6 27. e4 Red8 28. Ke3 Kf7 29. R7d5 Ke8 30. h3 Na5 31. Rxd8+ Rxd8
32. Rxd8+ Kxd8 33. exf5 gxf5 34. Kd3 h5 35. Bg7 Ke8 36. Be5 Nc6 37. Ke3 Kf7
38. Bh8 Kg6 39. h4 Kf7 40. Kd3 Ke6 41. Ke3 Kd7 42. Kd3 Nd8 43. Be5 Nf7 44.
Ke3 Nh6 45. a4 Ng4+ 46. Kf3 Kc6 47. Bg7 Kb7 48. Bf8 Ka6 49. Bxe7 Ka5 50.
Bd6 Kxa4 51. Bb8 a5 52. Ba7 b5 53. Bxc5 bxc4 54. Bb6 Kb5 55. Bd8 a4 56. Be7
Kc6 57. Ba3 Kd5 58. Be7 Nf6 59. Ba3 Ne4 60. Bb4 Nd6 61. Ke3 Nb5 62. Kd2 Ke4
0-1

[Event "68th ch-RUS HL 2015"]
[Site "Kaliningrad RUS"]
[Date "2015.06.30"]
[Round "8"]
[White "Bukavshin, Ivan"]
[Black "Popov, Ivan"]
[Result "1-0"]
[WhiteElo "2647"]
[BlackElo "2647"]
[EventDate "2015.06.22"]

1. d4 d5 2. c4 c6 3. Nf3 Nf6 4. e3 Bf5 5. Nc3 e6 6. Nh4 Be4 7. f3 Bg6 8. g3
Be7 9. Nxg6 hxg6 10. Kf2 O-O 11. Qb3 Qb6 12. Bd2 Rd8 13. Rd1 dxc4 14. Bxc4
Qxb3 15. Bxb3 c5 16. dxc5 Nc6 17. Ke2 Bxc5 18. g4 Na5 19. Ba4 Nc4 20. Bc1
Bb4 21. Nb1 a6 22. a3 Bc5 23. Bb3 Na5 24. Ba2 Nc6 25. Nc3 Kf8 26. g5 Ne8
27. Ne4 Be7 28. h4 Nd6 29. Ng3 Nf5 30. Nxf5 gxf5 31. f4 g6 32. Bd2 Bc5 33.
h5 gxh5 34. Rxh5 Ke7 35. Rdh1 Rg8 36. Bc3 Rg6 37. Bf6+ Rxf6 38. gxf6+ Kxf6
39. Rh8 Rxh8 40. Rxh8 Ke7 41. Bb3 Bd4 42. exd4 Nxd4+ 43. Ke3 Nxb3 44. Rb8
Na5 45. Kd3 b5 46. Rb6 Nb3 47. Ke3 f6 48. Rxa6 e5 49. Rb6 Nd4 50. Kd3 Kf7
51. b3 Nxb3 52. Rxb5 Nd4 53. Rb6 1-0

[Event "68th ch-RUS HL 2015"]
[Site "Kaliningrad RUS"]
[Date "2015.06.30"]
[Round "8"]
[White "Volkov, Sergey"]
[Black "Matsenko, Sergei"]
[Result "1-0"]
[WhiteElo "2599"]
[BlackElo "2505"]
[EventDate "2015.06.22"]

1. d4 Nf6 2. c4 e6 3. Nc3 Bb4 4. f3 c5 5. d5 b5 6. e4 O-O 7. Bd2 bxc4 8.
Bxc4 Ba6 9. b3 exd5 10. Bxd5 Nxd5 11. Nxd5 Bxd2+ 12. Qxd2 Nc6 13. Ne2 Bxe2
14. Qxe2 Nd4 15. Qd3 Qh4+ 16. g3 Qh3 17. Nf4 Qh6 18. O-O a5 19. Rac1 d6 20.
Rc4 Rfb8 21. Rf2 Nc6 22. Qd5 Ne5 23. Ra4 Qf6 24. Kg2 g6 25. Qd2 Qd8 26. Nd5
f6 27. f4 Nd7 28. e5 fxe5 29. f5 g5 30. f6 Kh8 31. Rg4 Qg8 32. Rxg5 Qf8 33.
f7 Qd8 1-0

[Event "68th ch-RUS HL 2015"]
[Site "Kaliningrad RUS"]
[Date "2015.06.30"]
[Round "8"]
[White "Ponkratov, Pavel"]
[Black "Eliseev, Urii"]
[Result "1-0"]
[WhiteElo "2610"]
[BlackElo "2530"]
[EventDate "2015.06.22"]

1. d4 Nf6 2. Nf3 g6 3. Nbd2 d5 4. c4 c5 5. cxd5 cxd4 6. Qa4+ Qd7 7. Qxd4
Qxd5 8. e4 Qxd4 9. Nxd4 Bg7 10. Nb5 Na6 11. f3 O-O 12. Nb3 Nd7 13. N3d4
Ndc5 14. Be3 Nb4 15. O-O-O Rd8 16. Be2 Bd7 17. Kb1 a6 18. Na3 Na4 19. Rd2
Nc6 20. Rhd1 Nxd4 21. Bxd4 Be6 22. Nc2 Bh6 23. Be3 Rxd2 24. Rxd2 Bxe3 25.
Nxe3 Nb6 26. f4 Kf8 27. f5 gxf5 28. exf5 Bd7 29. Bf3 Rb8 30. Rd4 Ke8 31.
Rh4 e6 32. Rxh7 Ke7 33. Rh4 a5 34. fxe6 Bxe6 35. Rh5 Nc4 36. Nxc4 Bxc4 37.
Rxa5 b5 38. b3 Be6 39. Ra7+ 1-0

[Event "68th ch-RUS HL 2015"]
[Site "Kaliningrad RUS"]
[Date "2015.06.30"]
[Round "8"]
[White "Inarkiev, Ernesto"]
[Black "Kokarev, Dmitry"]
[Result "1/2-1/2"]
[WhiteElo "2668"]
[BlackElo "2639"]
[EventDate "2015.06.22"]

1. d4 Nf6 2. c4 g6 3. Nc3 Bg7 4. e4 d6 5. Nf3 O-O 6. Be2 e5 7. Be3 c6 8. d5
Ng4 9. Bg5 f6 10. Bh4 h5 11. Nd2 Na6 12. h3 Nh6 13. f3 Nf7 14. a3 Bh6 15.
Bf2 Kg7 16. b4 c5 17. Rb1 Bd7 18. h4 b6 19. Nf1 Rh8 20. Bd3 Qe7 21. Ne3
Rac8 22. Rb2 Kg8 23. Qe2 Kg7 24. Kd1 Nc7 25. Kc2 Ra8 26. g3 Rhb8 27. Rg1
Rh8 28. Kb1 Rab8 29. Ka2 Rbf8 30. Rbb1 Rfg8 31. Be1 Rh7 32. Qf2 Kh8 33. Rh1
Nd8 34. f4 Nb7 35. b5 Nd8 36. Qf3 Nf7 37. Rb2 Ne8 38. Rg2 g5 39. fxg5 fxg5
40. Rf2 g4 41. Qe2 Nd8 42. Rhf1 Rf7 43. Bd2 Rxf2 44. Qxf2 Qh7 45. Nf5 Bxd2
46. Qxd2 Rg6 47. a4 Nb7 48. Nd1 Kg8 49. Kb2 Bc8 50. Rf2 Bd7 51. Kc2 Bc8 52.
Rf1 Bd7 53. Qe3 Bc8 54. Nc3 Bd7 55. Nb1 Bxf5 56. exf5 Qh6 57. Qd2 Qxd2+ 58.
Nxd2 Rh6 59. Nb3 Nf6 60. a5 bxa5 61. Ra1 Rh7 62. Nxa5 Nxa5 63. Rxa5 Rc7 64.
Ra6 Ne8 65. Kd2 Kf7 66. Bc2 Ke7 67. Ba4 Nf6 68. Kd3 Nh7 69. Ke4 Nf6+ 70.
Ke3 Rb7 71. Rc6 Rd7 72. Kd3 Rb7 73. Rc8 Kf7 74. Ra8 Rc7 75. Bc2 Rb7 76. Kc3
Re7 77. Rb8 Rc7 78. Kd2 Ke7 79. Kd3 Kf7 80. Kc3 Rd7 81. Rc8 Rb7 82. Rd8 Rd7
83. Ra8 Re7 84. Kd3 Rb7 85. Kd2 Rc7 86. Rb8 Rd7 87. Kd3 Rc7 88. Ba4 Ke7 89.
Ke3 Kf7 90. Kd3 1/2-1/2

[Event "68th ch-RUS HL 2015"]
[Site "Kaliningrad RUS"]
[Date "2015.06.30"]
[Round "8"]
[White "Matlakov, Maxim"]
[Black "Rozum, Ivan"]
[Result "1/2-1/2"]
[WhiteElo "2696"]
[BlackElo "2539"]
[EventDate "2015.06.22"]

1. d4 Nf6 2. Nf3 e6 3. c4 b6 4. g3 Bb7 5. Bg2 Be7 6. O-O O-O 7. Re1 d5 8.
cxd5 exd5 9. Nc3 Nbd7 10. Bf4 Ne4 11. Qc2 c5 12. Rad1 Rc8 13. Qb1 Ndf6 14.
Bh3 Ra8 15. dxc5 bxc5 16. Bg2 Qb6 17. Ne5 Qe6 18. Nf3 h6 19. Nxe4 Nxe4 20.
Nd2 Nf6 21. e4 d4 22. e5 Nd5 23. Ne4 Rab8 24. Bc1 Nb4 25. a3 Qa2 26. Qxa2
Nxa2 27. Nd6 Bxg2 28. Kxg2 Bxd6 29. exd6 Rfd8 30. b4 Nxc1 31. Rxc1 cxb4 32.
axb4 Rxd6 33. Rc4 d3 34. Rd1 Re8 35. Rc3 Red8 36. b5 Rd5 37. Rc7 Rxb5 38.
Rxa7 Rb2 39. Ra3 d2 40. Kf3 Rb6 41. Ra2 Rbd6 42. Ke2 Re8+ 43. Kf1 Red8 44.
Ke2 Re8+ 1/2-1/2

[Event "68th ch-RUS HL 2015"]
[Site "Kaliningrad RUS"]
[Date "2015.06.30"]
[Round "8"]
[White "Fedoseev, Vladimir"]
[Black "Riazantsev, Alexander"]
[Result "1/2-1/2"]
[WhiteElo "2674"]
[BlackElo "2658"]
[EventDate "2015.06.22"]

1. e4 c6 2. d4 d5 3. e5 Bf5 4. c4 e6 5. Nc3 Bb4 6. Qb3 a5 7. Nf3 Ne7 8. Bg5
dxc4 9. Bxc4 h6 10. Bh4 Be4 11. O-O Bxf3 12. gxf3 b5 13. Be2 g5 14. Bg3 Nf5
15. Ne4 h5 16. Nd6+ Bxd6 17. exd6 Nxg3 18. hxg3 Qxd6 19. Rac1 h4 20. g4 Ke7
21. a4 bxa4 22. Qe3 f6 23. Rfe1 Na6 24. Bxa6 Rxa6 25. Qd3 Rb6 26. Rc5 Rb5
27. Rxb5 cxb5 28. d5 e5 29. Rc1 e4 30. Qxe4+ Kf7 31. Rc6 Qe5 32. Qc2 Kg7
33. Qc5 Qe1+ 34. Kh2 Qe5+ 35. Kh3 Rf8 36. Re6 Qf4 37. Re3 Qc4 38. Qxc4 bxc4
39. Re7+ Rf7 40. Re4 Rb7 41. d6 Kf7 42. f4 Rxb2 43. d7 Rd2 44. Rxc4 Rd3+
45. Kg2 Rxd7 46. Rxa4 Ra7 47. fxg5 fxg5 48. f4 Kf6 49. fxg5+ Kxg5 50. Kh3
Ra6 51. Kg2 Ra8 1/2-1/2

[Event "68th ch-RUS HL 2015"]
[Site "Kaliningrad RUS"]
[Date "2015.06.30"]
[Round "8"]
[White "Artemiev, Vladislav"]
[Black "Kobalia, Mikhail"]
[Result "1-0"]
[WhiteElo "2660"]
[BlackElo "2623"]
[EventDate "2015.06.22"]

1. e4 c5 2. Nf3 e6 3. g3 Nc6 4. Bg2 Nf6 5. Qe2 e5 6. O-O d6 7. c3 Be7 8.
Rd1 Bg4 9. d3 O-O 10. Nbd2 Re8 11. Nc4 Bh5 12. h3 Bf8 13. g4 Bg6 14. Bg5
Be7 15. Nh4 b5 16. Ne3 h6 17. Bxf6 Bxf6 18. Nhf5 Rb8 19. a3 Bg5 20. b4 a5
21. bxa5 Nxa5 22. Rab1 Nc6 23. Nd5 Qd7 24. Qf3 Ne7 25. Nfxe7+ Bxe7 26. Qg3
Qa7 27. Rb3 Rb7 28. Rdb1 Rd7 29. c4 bxc4 30. dxc4 Bd8 31. Rb8 f6 32. h4 Be7
33. R8b5 Bd8 34. Qd3 Bf7 35. Bh3 Be6 36. Rb8 Kf8 37. g5 fxg5 38. Bxe6 Rxe6
39. Qh3 Re8 40. hxg5 Kg8 41. Ra8 1-0

[Event "68th ch-RUS HL 2015"]
[Site "Kaliningrad RUS"]
[Date "2015.06.30"]
[Round "8"]
[White "Grachev, Boris"]
[Black "Shimanov, Aleksandr"]
[Result "1/2-1/2"]
[WhiteElo "2657"]
[BlackElo "2606"]
[EventDate "2015.06.22"]

1. d4 Nf6 2. c4 g6 3. Nc3 Bg7 4. e4 d6 5. Nf3 O-O 6. Be2 Na6 7. O-O e5 8.
dxe5 dxe5 9. Be3 c6 10. Qxd8 Rxd8 11. Rfd1 Re8 12. h3 Bf8 13. Nd2 Nc5 14.
b4 Ne6 15. c5 Nd4 16. Bd3 a5 17. a3 Rd8 18. Nc4 axb4 19. axb4 Rxa1 20. Rxa1
Nf5 21. Rd1 Nxe3 22. Nxe3 Be6 23. Bc4 Rd4 24. Bxe6 fxe6 25. Nc2 Rc4 26. Rd3
Nxe4 27. Nxe4 Rxe4 28. Rc3 Bh6 29. f3 Re2 30. Kf1 Rd2 31. Ne1 Rd4 32. Nd3
e4 33. fxe4 Rxe4 34. Rb3 Re3 35. Nc1 Re4 36. Nd3 Rd4 37. Kf2 Kg7 38. Kf3
Kf6 39. Nf2 Rf4+ 40. Ke2 Bf8 41. Ke3 e5 42. Ne4+ Kf5 43. g4+ Ke6 44. Rd3
Be7 45. Rd1 Rf8 46. Ra1 Rd8 47. Ra7 Rd7 48. g5 Kf5 49. b5 Ke6 50. bxc6 bxc6
51. Ra6 Kd5 52. Kd3 Rb7 53. Ra5 Rb4 54. Nc3+ Ke6 55. Ra6 Rd4+ 56. Kc2 Kd7
57. Ra7+ Ke6 58. Rc7 Rh4 59. Rxc6+ Kd7 60. Ra6 Bxc5 61. Nd5 Rxh3 62. Nf6+
Ke7 63. Nd5+ Kd7 64. Nf6+ Kc7 65. Re6 Bd4 66. Kd1 Rh2 67. Ke1 Kb7 68. Kf1
Rf2+ 69. Ke1 Rh2 70. Kf1 Kc7 71. Ke1 Kc8 72. Re8+ Kb7 73. Re6 Rh3 74. Ke2
Kc7 75. Ke1 Rh4 76. Ke2 Rh3 77. Ke1 Bc3+ 78. Ke2 Bb2 79. Ke1 Bc1 80. Rxe5
Kd6 81. Rb5 Ke6 82. Rb6+ Kf5 83. Rb5+ Ke6 84. Rb6+ Ke5 85. Rb5+ Kd6 86.
Rb6+ Ke5 87. Rb5+ Kf4 88. Kd1 Rh1+ 89. Kc2 Be3 90. Rb7 Kxg5 91. Nxh7+ Kf5
92. Kd3 Rh3 93. Ke2 Bd4 94. Rf7+ Kg4 95. Nf6+ Bxf6 96. Rxf6 g5 97. Kf2
1/2-1/2